Sábado de ranas / (Registro nro. 7773)

Detalles MARC
000 -LIDER
fixed length control field 00697nam a2200241 a 4500
001 - NÚMERO DE CONTROL
Identificador de número de control 000044141
003 - IDENTIFICACDOR DE NÚMERO DE CONTROL
control field DO-SdBNP
005 - DATE AND TIME OF LATEST TRANSACTION
control field 20180327113324.0
007 - CAMPOS FIJOS DE DESCRIPCIÓN FÍSICA
fixed length control field 000044141
008 - ELEMENTOS DE LONGITUD FIJA
fixed length control field 140602s2013 dr a 000 0 spa d
020 ## - ISBN
International Standard Book Number 9789945883169
040 ## - FUENTE DE CATALOGACIÓN
Agencia que crea de manera original el registro BPMET
Idioma de catalogación spa
Agencia que realiza la transcripción BPMET
100 1# - ASIENTO PRINCIPAL -- NOMBRE PERSONAL
Nombre personal Hallal, Farah
245 10 - MENCIÓN DE TITULO
Título Sábado de ranas /
Mención de responsabilidad Farah Hallal ; ilustraciones Makuc Lucy.
260 ## - PUBLICACIÓN, DISTRIBUCIÓN, ETC. (PIE DE IMPRENTA)
Lugar de publicación, distribución, etc Santo Domingo :
Nombre del editor, distribuidor, etc. Alfaguara Infantil,
Fecha de publicación, distribución, etc 2013.
300 ## - DESCRIPCIÓN FÍSICA
Extensión 43 p. :
Otros detalles físicos il. ;
Dimensiones 20 cm.
490 ## - MENCIÓN DE SERIES
Mención de serie Afagura infantil
700 12 - ASIENTO SECUNDARIO -- NOMBRE PERSONAL
Nombre personal Makuc Lucy
Mención de responsabilidad il.
830 ## - ASIENTO SECUNDARIO DE SERIE--TÍTULO UNIFORME
Nombre de la parte o sección de una obra Afaguara infantil
942 ## - ADDED ENTRY ELEMENTS (KOHA)
Source of classification or shelving scheme Dewey Decimal Classification
Koha item type Libros
945 ## - INFORMACIÓN DE PROCESAMIENTO LOCAL
Información de procesamiento local Remanejado para la BNPHU / 2018 VM
956 ## - LOCAL ELECTRONIC LOCATION AND ACCESS (OCLC)
Nombre de host VMATEO
Número de acceso 10
Información de compresión 20150501
Inicio de sesión BPMSU
Procesador de solicitud 00151

No hay ítems disponibles.